<?xml version="1.0" encoding="UTF-8"?><?xml-stylesheet type="text/xsl" href="static/style.xsl"?><OAI-PMH xmlns="http://www.openarchives.org/OAI/2.0/" xmlns:xsi="http://www.w3.org/2001/XMLSchema-instance" xsi:schemaLocation="http://www.openarchives.org/OAI/2.0/ http://www.openarchives.org/OAI/2.0/OAI-PMH.xsd"><responseDate>2026-04-17T10:41:36Z</responseDate><request verb="GetRecord" identifier="oai:www.recercat.cat:10256/28483" metadataPrefix="marc">https://recercat.cat/oai/request</request><GetRecord><record><header><identifier>oai:recercat.cat:10256/28483</identifier><datestamp>2026-03-21T23:27:53Z</datestamp><setSpec>com_2072_452966</setSpec><setSpec>com_2072_2054</setSpec><setSpec>col_2072_452968</setSpec></header><metadata><record xmlns="http://www.loc.gov/MARC21/slim" xmlns:dcterms="http://purl.org/dc/terms/" xmlns:xsi="http://www.w3.org/2001/XMLSchema-instance" xmlns:doc="http://www.lyncode.com/xoai" xsi:schemaLocation="http://www.loc.gov/MARC21/slim http://www.loc.gov/standards/marcxml/schema/MARC21slim.xsd">
   <leader>00925njm 22002777a 4500</leader>
   <datafield ind2=" " ind1=" " tag="042">
      <subfield code="a">dc</subfield>
   </datafield>
   <datafield ind2=" " ind1=" " tag="720">
      <subfield code="a">Lloret Estarriola, Marta</subfield>
      <subfield code="e">author</subfield>
   </datafield>
   <datafield ind2=" " ind1=" " tag="260">
      <subfield code="c">2025-06-04</subfield>
   </datafield>
   <datafield ind2=" " ind1=" " tag="520">
      <subfield code="a">El present article se centra a observar i comparar la quantitat d’activitats d’educació no formal que realitzen els alumnes de cicle superior de tres centres educatius de la ciutat de Girona amb diferents nivells socioeconòmics i quin impacte té en la seva dieta educativa. &#xd;
Es planteja el concepte d’Educació 360, la seva importància en el desenvolupament integral dels infants, i els diversos factors que poder existir a l’hora de poder accedir a aquestes activitats i el seu impacte. Així mateix, també s’estudiaran els referents educatius dels infant, com a part indispensable de la seva experiència educativa. L’estudi es realitza &#xd;
de manera quantitativa mitjançant un anàlisi descriptiu i comparatiu per mostrar la presència i l’impacte de la segregació i la desigualtat social dins del món de l’educació no formal</subfield>
   </datafield>
   <datafield ind2=" " ind1=" " tag="520">
      <subfield code="a">This article focuses on observing and comparing the amount of non-formal education activities carried out by students in higher education at three schools in the city of Girona with different socioeconomic levels and what impact it has on their educational diet. The concept of Education 360 is discussed, its importance in the integral development of children, and the various factors that may exist when accessing these activities and their &#xd;
impact. Likewise, the educational references of children will also be studied, as an indispensable part of their educational experience. The study is carried out quantitatively through a descriptive and comparative analysis to show the presence and impact of segregation and social inequality within the world of non-formal education</subfield>
   </datafield>
   <datafield ind2=" " ind1=" " tag="520">
      <subfield code="a">El presente artículo se centra en observar y comparar la cantidad de actividades de educación no formal que realizan los alumnos de ciclo superior de tres centros educativos de la ciudad de Girona con distintos niveles socioeconómicos y qué impacto tiene en su dieta educativa. Se plantea el concepto de Educación 360, su importancia en el desarrollo integral de los niños, y los diversos factores que pueden existir a la hora de poder acceder a estas actividades y su impacto. Asimismo, también se estudiarán los referentes educativos de los niños, como parte indispensable de su experiencia educativa. El estudio se realiza de forma cuantitativa mediante un análisis descriptivo y comparativo para mostrar la presencia y el impacto de la segregación y la desigualdad social dentro del mundo de la educación no formal</subfield>
   </datafield>
   <datafield ind2=" " ind1=" " tag="520">
      <subfield code="a">4</subfield>
   </datafield>
   <datafield ind2=" " ind1=" " tag="520">
      <subfield code="a">10</subfield>
   </datafield>
   <datafield ind1="8" ind2=" " tag="024">
      <subfield code="a">https://hdl.handle.net/10256/28483</subfield>
   </datafield>
   <datafield tag="653" ind2=" " ind1=" ">
      <subfield code="a">Activitats culturals -- Educació primària</subfield>
   </datafield>
   <datafield tag="653" ind2=" " ind1=" ">
      <subfield code="a">Desigualtat social</subfield>
   </datafield>
   <datafield tag="653" ind2=" " ind1=" ">
      <subfield code="a">Educació no formal</subfield>
   </datafield>
   <datafield tag="653" ind2=" " ind1=" ">
      <subfield code="a">Cultural programs -- Study and teaching (Primary)</subfield>
   </datafield>
   <datafield tag="653" ind2=" " ind1=" ">
      <subfield code="a">Equality</subfield>
   </datafield>
   <datafield tag="653" ind2=" " ind1=" ">
      <subfield code="a">Non-formal education</subfield>
   </datafield>
   <datafield ind2="0" ind1="0" tag="245">
      <subfield code="a">Les diferències que existeixen en les activitats d'educació no formal i els referents dels alumnes de 5è i 6è de primària en escoles públiques i concertades de Girona</subfield>
   </datafield>
</record></metadata></record></GetRecord></OAI-PMH>